00422nam a2200181Ia 4500008004100000020001800041245002000059245002100079260001500100260002200115260000900137300001500146300002500161300001000186440001700196500000800213999001900221170705s9999 xx 000 0 und d a9780531241066 aAncient China / cby Mel Friedman. aNew York : bChildren's Press, c2010 a48 pages : bcolor illustration ; c21cm. aA true book. a890 c337060d337060